000
00285nam a22001217a 4500
003
SGT
082
_a
305.42
_b
COR
100
_a
CORDUCK PAMELA
245
_a
THE FUTURES OF WOMEN
_b
SCENARIOS FOR THE 21ST CENTURY
260
_a
USA
_b
ADDISON WESLEY
_c
1996
300
_a
288
942
_2
ddc
_c
BK
999
_c
33348
_d
33348